Building (Record no. 108434)

MARC details
000 -LEADER
fixed length control field 01473cam a22004575a 4500
001 - CONTROL NUMBER
control field L144277
008 - FIXED-LENGTH DATA ELEMENTS--GENERAL INFORMATION
fixed length control field 080708e20080704xxkado f 000 0 eng d
035 ## - SYSTEM CONTROL NUMBER
System control number (Sirsi) u144277
041 0# - LANGUAGE CODE
Language code of text/sound track or separate title eng
100 1# - MAIN ENTRY--PERSONAL NAME
Personal name Bill, Tom
245 00 - TITLE STATEMENT
Title Building
Remainder of title the China issue
260 ## - PUBLICATION, DISTRIBUTION, ETC.
Place of publication, distribution, etc. London
Name of publisher, distributor, etc. CMPI
Date of publication, distribution, etc. 2008
300 ## - PHYSICAL DESCRIPTION
Extent 110p.
Other physical details ill.
Dimensions 30cm.
490 #0 - SERIES STATEMENT
Series statement Building
Volume/sequential designation 4 July 2008
520 ## - SUMMARY, ETC.
Summary, etc. Special issue of this journal, focusing on construction and development in China. Includes features on British firms helping to rebuild earthquake affected areas of Sichuan; the explosion in construction brought about by the forthcoming Olympic Games and various articles on large-scale construction and infrastructure projects.
521 ## - TARGET AUDIENCE NOTE
Target audience note Advanced
590 ## - LOCAL NOTE (RLIN)
Local note KA
651 #4 - SUBJECT ADDED ENTRY--GEOGRAPHIC NAME
Geographic name United Kingdom
Chronological subdivision
651 #4 - SUBJECT ADDED ENTRY--GEOGRAPHIC NAME
Geographic name China
690 ## - LOCAL SUBJECT ADDED ENTRY--TOPICAL TERM (OCLC, RLIN)
Topical term or geographic name as entry element BUILT ENVIRONMENT-CONSTRUCTION DESIGN-ARCHITECTURAL DESIGN
700 1# - ADDED ENTRY--PERSONAL NAME
Personal name Macdonald, Stuart
700 1# - ADDED ENTRY--PERSONAL NAME
Personal name Stewart, Dan
700 1# - ADDED ENTRY--PERSONAL NAME
Personal name Richardson, Sarah
700 1# - ADDED ENTRY--PERSONAL NAME
Personal name Boyd, Olivia
700 1# - ADDED ENTRY--PERSONAL NAME
Personal name Kelly, Richard
700 1# - ADDED ENTRY--PERSONAL NAME
Personal name Gardiner, Joey
700 1# - ADDED ENTRY--PERSONAL NAME
Personal name Spring, Martin
700 1# - ADDED ENTRY--PERSONAL NAME
Personal name Prescott, John
700 1# - ADDED ENTRY--PERSONAL NAME
Personal name Shirong, Li
700 1# - ADDED ENTRY--PERSONAL NAME
Personal name Lai, Pak Hung
700 1# - ADDED ENTRY--PERSONAL NAME
Personal name Whitby, Mark
700 1# - ADDED ENTRY--PERSONAL NAME
Personal name Watts, Graham
700 1# - ADDED ENTRY--PERSONAL NAME
Personal name Madine, Victoria
700 1# - ADDED ENTRY--PERSONAL NAME
Personal name Bingham, Tony
700 1# - ADDED ENTRY--PERSONAL NAME
Personal name Hughes, Adrian
700 1# - ADDED ENTRY--PERSONAL NAME
Personal name Poon, Kenneth
700 1# - ADDED ENTRY--PERSONAL NAME
Personal name Raeside, Mark
700 1# - ADDED ENTRY--PERSONAL NAME
Personal name Ward, John
700 1# - ADDED ENTRY--PERSONAL NAME
Personal name Baxter, Simon
942 ## - ADDED ENTRY ELEMENTS (KOHA)
Suppress in OPAC 0
Holdings
Withdrawn status Lost status Source of classification or shelving scheme Damaged status Not for loan Home library Current library Shelving location Date acquired Total Checkouts Full call number Barcode Date last seen Copy number Price effective from Koha item type
    Dewey Decimal Classification     London London Reference copy 08/07/2008   ENQDESK L144277 06/08/2019 1 06/08/2019 Book